000 00360nam a2200145Ia 4500
008 230917s9999||||xx |||||||||||||| ||und||
040 _e86656
_aMAIN
041 _aEnglish
082 _a512.5 H439M
100 _aHerstein, I N
245 0 _aMatrix theory and linear algebra
260 _aNew York
_bMacmillan
_c1989
300 _axviii, 507 p.
942 _cBK
999 _c232365
_d232365